La estrategia de desarrollo rural y la reforma agraria
Uloženo v:
| Korporativní autor: | |
|---|---|
| Médium: | Text |
| Vydáno: |
s.l.:
FAO. PNUD
|
| Tagy: |
Přidat tag
Žádné tagy, Buďte první, kdo vytvoří štítek k tomuto záznamu!
|
MARC
| LEADER | 00000 a a2200000 04500 | ||
|---|---|---|---|
| 001 | 24844 | ||
| 003 | |||
| 040 | |||
| 090 | |a 178600 | ||
| 110 | |a Organización de las Naciones Unidas para la Agricultura y la Alimentación | ||
| 245 | |a La estrategia de desarrollo rural y la reforma agraria | ||
| 260 | |a s.l.: |b FAO. PNUD | ||
| 300 | |a 37 p. | ||
| 999 | |c 6156 |d 6156 | ||
